| 000 | 01106cam a2200337 i 4500 | ||
|---|---|---|---|
| 001 | 015743711 | ||
| 003 | EG-ScBUE | ||
| 005 | 20260511135239.0 | ||
| 008 | 110125t2012 at a f 001 0 eng d | ||
| 020 | _a9780840054531 (pbk.) | ||
| 020 | _a084005453X (pbk.) | ||
| 040 |
_aStDuBDS _beng _erda _cStDuBDS _dUk _dEG-ScBUE |
||
| 082 | 0 | 4 |
_a547 _223 _bMCM |
| 100 | 1 |
_aMcMurry, John, _eauthor. _934522 |
|
| 245 | 1 | 0 |
_aOrganic chemistry / _cJohn McMurry, Cornell University. |
| 250 | _aEighth edition. | ||
| 250 | _aInternational edition. | ||
| 264 | 1 |
_a[Canberra] : _bBrooks/Cole Cengage Learning, _c[2012] |
|
| 264 | 4 | _cc2012 | |
| 300 |
_a1 volume (various pagings) : _billustrations (chiefly color) ; _c26 cm |
||
| 336 |
_2rdacontent _aنص _btxt |
||
| 337 |
_aبدون وسيط _2rdamedia _bn |
||
| 338 |
_aمجلد _bnc _2rdacarrier |
||
| 500 | _aIncludes index. | ||
| 500 | _aIncludes Appendices. | ||
| 650 | 7 |
_aChemistry, Organic. _2BUEsh _934523 |
|
| 650 | 7 |
_aChemistry, Organic _vProblems, exercises, etc. _2BUEsh _934524 |
|
| 653 | _cDecember2013 | ||
| 655 | _vReading book | ||
| 942 |
_2ddc _cBB |
||
| 999 |
_c17777 _d17749 |
||